000 00303nam a22001337a 4500
008 171124b xxu||||| |||| 00| 0 eng d
020 _a9780201704334
041 _aeng
080 _23 ED
_a004
100 _a33
101 _aSHK
245 _aTHE JAVA PROGRAMING LANGUAGE
_cKEN.A
942 _2udc
_cBK
999 _c38448
_d38448